Văn hóa - mỹ thuật Huế

Αποθηκεύτηκε σε:
Λεπτομέρειες βιβλιογραφικής εγγραφής
Κύριος συγγραφέας: Chu Quang Trứ
Μορφή: Βιβλίο
Γλώσσα:Undetermined
Έκδοση: Huế Thuận Hóa 1997
Θέματα:
Ετικέτες: Προσθήκη ετικέτας
Δεν υπάρχουν, Καταχωρήστε ετικέτα πρώτοι!
Thư viện lưu trữ: Trung tâm Học liệu Trường Đại học Cần Thơ
LEADER 00481nam a2200169Ia 4500
001 CTU_22510
008 210402s9999 xx 000 0 und d
082 |a 725.1 
082 |b Tr500 
100 |a Chu Quang Trứ 
245 0 |a Văn hóa - mỹ thuật Huế 
245 0 |c Chu Quang Trứ 
260 |a Huế 
260 |b Thuận Hóa 
260 |c 1997 
650 |a vietnam - hue - description and travel 
980 |a Trung tâm Học liệu Trường Đại học Cần Thơ